000 01394 a2200277 4500
001 59188
005 20260407155846.0
008 260407a2023 arg spa d
003 AR-UNSa-BCEJYS
040 _aAR-UNSa-BCEJYS
_bspa
_cAR-UNSa-BCEJYS
080 _a336.226.1
_xImpuestos a las ganancias o los beneficios (Impuesto Diferido)
245 1 0 _aAspectos relevantes para la liquidación 2022 de ganancias y bienes personales
020 _a978-987-01-3048-2
264 1 _aBuenos Aires :
_bErrepar
_c2023
300 _axv, 218 p.
_c21 cm.
505 _a1. El impuesto a las ganancias sobre la renta financiera de las personas humanas. Objeto. Sujetos. Beneficiarios del exterior. Conceptos alcanzados. Determinación de la ganancia. Quebrantos - 2. Paso del monotributo al regimen general: el "día después" - 3. La corrección de los efectos de la inflación en la liquidación del impuesto a las ganancias del período fiscal 2022 - 4. Repaso de algunos conceptos importantes en el impuesto sobre los bienes personales
041 _aspa
942 _cBK
590 _aniveau_biblio:m niveau_hierar:0
100 1 _aGebhardt, Jorge
700 1 _aMalvitano, Rubén H.
700 1 _aCaranta, Martín R.
700 1 _aCampastro, Miriam Cristina
700 1 _aGoldberg, Fanny G.
856 4 1 _uhttps://biblioeco.unsa.edu.ar/pmb/images/libros/L129005.jpg
_yImagen de portada
_qimage/jpeg
999 _c6617
_d6617